Statistics for Famous Small Cities A-Z

Click here to take the quiz!

General Stats

  • This quiz has been taken 195 times
  • The average score is 14 of 26

Answer Stats

DescriptionPop.City% Correct
VSmallest sovereign capital, possibly the smallest city in the world1 kVatican City
86%
GBritish overseas territory in southern Iberia34 kGibraltar
81%
CFrench city closest to England76 kCalais
78%
DEnglish city closest to France44 kDover
78%
ROnce home to a giant colossus50 kRhodes
77%
IScottish capital of the Highlands, literally "mouth of the Ness"47 kInverness
76%
KSouthernmost city in Florida27 kKey West
72%
MSmall city-state on the Côte d'Azur37 kMonaco
70%
B9021035 kBeverly Hills
69%
OCapital of Washington State51 kOlympia
67%
NCapital of Greenland18 kNuuk
64%
ECity on Lake Geneva with a famous mineral water company9 kÉvian-les-Bains
60%
AIn the middle of the Outback25 kAlice Springs
59%
JCapital of the U.S. state of Missouri43 kJefferson City
56%
FThe capital of Tuvalu6 kFunafuti
54%
WCapital and largest city in Yukon Territory, Canada25 kWhitehorse
48%
YCapital of Nauru1 kYaren
48%
PCapital of French Polynesia27 kPapeete
37%
HBiggest city on Hawai'i (the Big Island)43 kHilo
35%
TBiggest city in Northern Norway75 kTromsø
34%
SCity for the famous on the French Riviera4 kSaint-Tropez
28%
USouthernmost city in the Americas57 kUshuaia
27%
QCapital of Finistère Department64 kQuimper
24%
ZLocated at the foot of the Matterhorn6 kZermatt
23%
XGreek city of 1,000 colors56 kXanthi
21%
LIn Central Italy, "the eagle", earthquake70 kL'Aquila
12%

Score Distribution

Percentile by Number Answered

Percent of People with Each Score

Your Score History

You have not taken this quiz